000
00282nam a2200109Ia 4500
001
588960
005
20250717120840.0
008
250717s9999 xx 000 0 und d
245
0
_a
Y-9 ACAR DEDEKTİF EDA OKULDA
_c
YILMAZ YEŞİLDAĞ
260
_b
ERDEM YAYINLARI
_c
2018
300
_b
119
999
_c
588960
_d
588960